Environmental sanitation, wastewater treatment and disposal (Record no. 496)

000 -LEADER
fixed length control field 00680nam a22002417a 4500
001 - CONTROL NUMBER
control field 496
003 - CONTROL NUMBER IDENTIFIER
control field BD-DhUET
008 - FIXED-LENGTH DATA ELEMENTS--GENERAL INFORMATION
fixed length control field 140722b xxu||||| |||| 00| 0 eng d
020 ## - INTERNATIONAL STANDARD BOOK NUMBER
International Standard Book Number 9789848920169
040 ## - CATALOGING SOURCE
Transcribing agency 0
Modifying agency BD-DhUET
082 ## - DEWEY DECIMAL CLASSIFICATION NUMBER
Classification number 628
Item number TAN / 2013
100 ## - MAIN ENTRY--PERSONAL NAME
Personal name Tanveer Ferdous Saeed
245 ## - TITLE STATEMENT
Title Environmental sanitation, wastewater treatment and disposal
250 ## - EDITION STATEMENT
Edition statement 1st ed.
260 ## - PUBLICATION, DISTRIBUTION, ETC. (IMPRINT)
Place of publication, distribution, etc. Dhaka
Name of publisher, distributor, etc. University Grants Commission of Bangladesh
Date of publication, distribution, etc. 2013
300 ## - PHYSICAL DESCRIPTION
Extent xvi, 343p. :
504 ## - BIBLIOGRAPHY, ETC. NOTE
Bibliography, etc Includes bibliographies
650 #0 - SUBJECT ADDED ENTRY--TOPICAL TERM
Topical term or geographic name as entry element Environmental engineering
650 #0 - SUBJECT ADDED ENTRY--TOPICAL TERM
Topical term or geographic name as entry element Sanitation engineering
700 ## - ADDED ENTRY--PERSONAL NAME
Personal name Abdullah Al-Muyeed
700 ## - ADDED ENTRY--PERSONAL NAME
Personal name Tanvir Ahmed
942 ## - ADDED ENTRY ELEMENTS (KOHA)
Koha item type General Book
Holdings
Not for loan Sublocation or collection (holding branch) Damaged status Lost status Copy number Price effective from Piece designation (barcode) Koha full call number Koha date last borrowed Koha date last seen Location (home branch) Shelving location Withdrawn status Date acquired Koha issues (times borrowed) Koha normalized classification for sorting Source of classification or shelving scheme Koha item type
 Central Library, BUET  12014-07-22112448628/TAN/2013 2014-07-22Central Library, BUETCirculation section 2014-07-22 628TAN2013 General Book
 Central Library, BUET  22014-07-22112449628/TAN/2013 2016-11-16Central Library, BUETCirculation section 2014-07-22 628TAN2013 General Book
 Central Library, BUET  32014-07-22112450628/TAN/2013 2014-07-22Central Library, BUETCirculation section 2014-07-22 628TAN2013 General Book
 Central Library, BUET  42014-07-22112451628/TAN/2013 2014-07-22Central Library, BUETCirculation section 2014-07-22 628TAN2013 General Book
 Central Library, BUET  52014-07-22112452628/TAN/2013 2014-07-22Central Library, BUETCirculation section 2014-07-22 628TAN2013 General Book
 Central Library, BUET  62014-07-22112453628/TAN/2013 2016-10-18Central Library, BUETCirculation section 2014-07-22 628TAN2013 General Book
 Central Library, BUET  72014-07-22112454628/TAN/2013 2016-01-18Central Library, BUETCirculation section 2014-07-22 628TAN2013 General Book
 Central Library, BUET  82014-07-22112455628/TAN/20132020-02-182020-02-23Central Library, BUETCirculation section 2014-07-221628TAN2013 General Book
 Central Library, BUET  92014-07-22112456628/TAN/2013 2014-07-22Central Library, BUETCirculation section 2014-07-22 628TAN2013 General Book
 Central Library, BUET  102014-07-22112457628/TAN/2013 2016-12-03Central Library, BUETCirculation section 2014-07-22 628TAN2013 General Book